000 00296nam a22001097a 4500
008 230619b xxu||||| |||| 00| 0 eng d
082 _a263.92
_bCJPC
245 _aDo not be Afraid... Act Now!
260 _aNairobi,Kenya
_bCatholic Justice and Peace Mission
_c2005
300 _a55p
942 _2ddc
_cBK
999 _c1355
_d1355